เปลี่ยนเป็นภาษาไทย

Change to English
 แสดงรายละเอียดบรรณานุกรม
  กลับหน้าหลัก
ห้องสมุดโรงเรียนพะเยาพิทยาคม...ยินดีต้อนรับ...ทุกท่านเข้าสู่ระบบห้องสมุดอัตโนมัติ

Brief Record : Get Marc (ISO 2709) : E-mail record : QR code ปิดหน้าต่าง
Review โดย
อุษณีย์ จันทร์สุริยา
ห้องสมุด
อุษณีย์ จันทร์สุริยา เมื่อ11/มีนาคม/2556
เนื้อหาโดยสังเขป

 
 
 
 
 
        Samsung Galaxy ในซีรี่ส์ Note ถือได้ว่าเป็นสมาร์ทโฟนที่โดดเด่น ด้วยปากกา S Pen ที่สร้างความประทับใจ และทรงพลังไม่เหมือนใคร จนทำให้ Galaxy Note ครองความนิยมจากผู้ใช้ไปทั่วโลก จาก Galaxy Note มาถึง Galaxy Note II รุ่นใหม่ ที่ไม่เพียงแสดงให้เห็นถึงพัฒนาการ และประสิทธิภาพที่ทรงพลังที่เติบโตขึ้นอย่างต่อเนื่อง ทำให้เห็นความโดดเด่นของการออกแบบ ความเข้าใจในความต้องการของผู้ใช้ที่มากขึ้น ผสมผสานกับ TouchUI ที่ใช้งานง่าย มีเอกลักษณ์เฉพาะตัว ที่ช่วยให้ Android ของ Samsung
มีเสน่ห์ไม่เหมือนใคร พร้อมปากกาที่ทำให้การใช้งานสะดวก คล่องตัว ให้คุณใช้งานร่วมกับแอพพลิเคชั่นต่างๆ ได้อย่างลื่นไหล
ได้ประสิทธิภาพยิ่งกว่าเดิมทุกสิ่งที่คุณอยากรู้และควรรู้เกี่ยวกับ Note II ถูกคัดสรรมารวมอยู่ในหนังสือเล่มนี้แล้ว ด้วยเนื้อหาที่ละเอียด พร้อมภาพประกอบที่เข้าใจง่าย รับรองว่าจะทำให้คุณใช้งานอย่างคุ้มค่า ครบทุกอย่างที่ต้องการ

สารบัญ

บทที่ 1 ทำความรู้จักกับ Galaxy Note II
บทที่ 2 พื้นฐานการใช้งาน
บทที่ 3 เชื่อมต่อเครือข่ายไร้สายและตั้งค่าการแชร์
บทที่ 4 ปกป้องข้อมูล ค้นหา ล็อคและลบข้อมูลเครื่องที่หาย
บทที่ 5 Phone ฮัลโหล โทรและรับสาย
บทที่ 6 Messaging รับและส่ง SMS MMS
บทที่ 7 Camera บันทึกความทรงจำด้วยภาพหรือวิดีโอ
บทที่ 8 Gallery และ Video player ดู ปรับแต่ง แชร์ภาพและวิดีโอ
บทที่ 9 Music player และ FM Radio เพลินไปกับเพลงโปรด
บทที่ 10 ท่องอินเทอร์เน็ตไปกับ Internet
ฯลฯ

หนังสืออ้างอิง : เกี่ยวกับ Collections
LEADER 00000nam 2200000uu 4500
001    13399114010
003     ULIBM
008    130305s2555||||th 000 0 tha d
020    ^a9786160813445
082    ^a005 ^bท428ค
100    ^aทรงศักดิ์ ลิ้มสิริสันติกุล.
245    ^aคู่มือใช้งาน Galaxy Note 2 ฉบับสมบูรณ์ /^cโดย ทรงศักดิ์ ลิ้มสิริสันติกุล.
250    ^aพิมพ์ครั้งที่ 1.
260    ^aกรุงเทพฯ :^bซีเอ็ดยูเคชั่น,^c2555
300    ^a456หน้า :^bภาพประกอบ ;^c19ซม.
650    ^aโทรศัพท์เคลื่อนที่.
650  0 ^aระบบสื่อสารเครื่อนที่.
650  0 ^aระบบสื่อสารไร้สาย.
945    ^p219^l0^i40335
999     ^aกนกวรรณ
 
คุณยังไม่ได้ล็อกอิน คุณสามารถมีกิจกรรมร่วมกับเว็บไซต์ได้ แต่ต้องล็อกอินก่อน ::
  ล็อกอิน
ลำดับที่ ประเภท เลขเรียก/บาร์โค้ด สถานที่ สถานะ
1. หนังสือ
หนังสือ
005 ท428ค 2555  
  Barcode: 40335
ห้องสมุด
►หนังสือทั่วไป
On Shelf
  ขอยืม
2. หนังสือ
หนังสือ
005 ท428ค 2555 ฉ.2 
  Barcode: 40336
ห้องสมุด
►หนังสือทั่วไป
On Shelf
  ขอยืม
   [แสดง 2/2 รายการ]

หนังสือดีน่าอ่าน


“ดั่งดวงแก้ว ส่องสว่าง ทางสายงาม”


จัดทำขึ้นเพื่อเฉลิมพระเกียรติ สมเด็จพระเทพรัตนราชสุดา ฯ สยามบรมราชกุมารี 
เนื่องในโอกาสมหามงคลเฉลิมพระชนมพรรษา ๕ รอบ ๒ เมษายน ๒๕๕๘ 

โดยหนังสือเล่มนี้ได้รวบรวม ๖๐ พระอัจฉริยภาพของสมเด็จพระเทพ ฯ 
ผู้อ่านจะได้รับแรงบันดาลใจให้พากเพียรเรียนรู้และขยันอดทนทำการงาน
ตามรอยเบื้องพระยุคลบาท เพราะพระองค์ทรงเป็นแบบอย่างอันดีเยี่ยมในทุกด้าน 

ทั้งในความใฝ่รู้ใฝ่เรียน คุณธรรมจริยธรรม พระวิริยอุตสาหะในการทรงงาน 
และอื่นๆอีกมากมาย ล้วนสามารถสร้างแรงบันดาลใจให้แก่เด็กและเยาวชน

อีกทั้งประชาชนทั่วไป ให้พากเพียรเรียนรู้และขยันอดทนทำการงานตามรอยพระยุคลบาท 
เพื่อฝึกฝนตนเองให้เป็นคนดีคนเก่งของครอบครัวและสังคมต่อไป



แสดงความเห็นเกี่ยวกับหนังสือเล่มนี้


ยังไม่เคยถูกคอมเมนท์

คอมเมนท์ทรัพยากรรายการนี้
  คอมเมนท์: คู่มือใช้งาน Gal..

 
 
 

 

ห้องสมุดเฉลิมพระเกียรติกาญจนาภิเษก  โรงเรียนพะเยาพิทยาคม อำเภอเมือง จังหวัดพะเยา 56000

 E-mail  : Library_ppk@windowslive.com     Library Phayaopittayakom 05-4431-275 ต่อ 4621


 Union Library Management : ULibM
Copyright 2026. All Rights Reserved.